000
00267nam a22000977a 4500
008
240404b |||||||| |||| 00| 0 eng d
020
_a
9780465094455
100
_a
PERRY D. BRUCE
_9
7728
245
_a
THE BOY WHO WAS RAISED AS A DOG
260
_a
NEW YORK
_b
BASIC BOOKS
_c
2017
999
_c
12555
_d
12555